01123nam a2200241Ia 450000500170000000800410001702000150005808200190007310000360009224500640012825000190019230000430021149000310025450503490028560000160063465000510065065000230070126400340072433600270075833700330078533800280081804000350084620220317000752.0160601s2004 ck a g 000 0 spa  a958301467204a927.9633bP24m1 aMéndez Camacho, Migueld1942-10aPelé bde la favela a la gloria cMiguel Méndez Camacho a1a. edición  a114 páginas bilustraciones c22 cm  a100 personajes 100 autores aEsto parece cuento. La buena estrella de una estrella. No pudieron bajarlo de la estatua. Suecia 58 -- la copa para un brindis. Chile 62 -- festejando desde la tribuna. Inglaterra 66 -- el mundial de los árbitros tramposos -- México 70 --las manos cansadas de aplaudir -- ¿Y quién es el mejor? -- Mitos, leyendas, metiras y exageraciones14aPeled1940-142LEMBaDeportistas brasileños vBiografías 142LEMBaFutbolistas  aBogotá bPanamericanac2004 atextobtxt2rdacontent asin mediaciónbn2rdamedia avolumenbnc2rdacarrier aCO-BoRNBPbspaerdacCO-BoRNBP